01789nam a2200433 i 450000100060000000300080000600500170001400600190003100700150005000800410006501700270010602000270013302000280016003500220018804000310021005000210024108000140026208200160027610000260029224502230031826400690054130000410061033600310065133700330068233800430071549000440075850000220080250400280082458800830085265000210093565000240095665000300098065000180101065500270102870000350105576501570109083000450124785600630129232370FINmELB20241216220733.0m o d | cr cnu||||||||240625s2024 sp ob 001 0 spa d aM-11563-2024bEspaña a9788474769227q(print) a9788474769234q(e-book) a(OCoLC)1449571720 aFINmELBbspaerdacFINmELB 4aHM548bM645 2024 a316.334.204a306.3012231 aMillar, John,eautor.13aEl origen de la distinción de rangos :binvestigación sobre las circunstancias que dan lugar a la influencia y la autoridad en los distintos miembros de la sociedad /cJohn Millar ; Ramón Cotarelo (traducción). 1aMadrid :bCentro de Investigaciones Sociológicas (CIS),c2024. a1 recurso en línea (303 páginas) atextobtxt2rdacontent/spa acomputadorabc2rdamedia/spa arecurso en líneabcr2rdacarrier/spa1 aClásicos del Pensamiento Social ;v26 aIncluye índice. aIncluye bibliografía. aDescripción basada en metadatos suministrados por el editor y otras fuentes. 4aClases sociales. 4aDesigualdad social. 4aSociología económica. 4aSociología. 4aLibros electrónicos.1 aCotarelo, Ramón,etraductor.0 torigin of the distinction of ranks. Or, An Inquiry into the Circumstance Which Give Rise to Influence and Authority, in the Different Members of Society 0aClásicos del Pensamiento Social ;v26.40uhttps://elibro.net/ereader/politecnicointernacional/268014